| 000 | 00729nam0a22002411 4500 | ||
|---|---|---|---|
| 001 | rc\161966 | ||
| 005 | 20250620213535.0 | ||
| 010 |
_a5-05-004084-1 _950000 |
||
| 035 | _a(NLR Aleph) 005427091 | ||
| 090 |
_a7537608 _c7537608 |
||
| 100 | _a20030307d1992 |||y0rusy50 ca | ||
| 101 | 0 | _arus | |
| 102 | _aRU | ||
| 105 | _ay ||||||||| | ||
| 200 | 1 |
_aПарфюмер _eИстория одного убийцы _eРоман _fПатрик Зюскинд _gПер. с нем. Э. Венгеровой |
|
| 210 |
_aМ. _cРадуга _d1992 |
||
| 215 |
_a206, [1] с. _d20 |
||
| 700 | 1 |
_aЗюскинд _bП. _gПатрик |
|
| 801 | 0 |
_aRU _bNLR _gpsbo |
|
| 801 | 1 |
_aRU _bELAR _2rusmarc |
|
| 852 |
_aNLR _j92-3/7672 |
||
| 942 | _cBOOK | ||
| 980 | _aNB | ||